000 01350nam a2200253Ia 4500
003 Ost
005 20260507075600.0
008 260507s9999||||xx |||||||||||||| ||und||
020 _a995732120x
040 _cfsecg
041 _aara
082 _a600
100 _aالتكريتي، اسماعيل يحيى
_eمؤلف
245 0 _aمحاسبة التكاليف المتقدمة :
_bقضايا معاصرة /
_c اسماعيل يحيى التكريتي
250 _aطبعة 2
260 _aعمان:
_bدار و مكتبة الحامد للنشر والتوزيع,
_c2007
300 _a384 صفحة؛
_bإيضاحات ؛
_c24 سم
504 _aالمراجع ص.383 (اقتناءات 2014 3ن)
520 _a-نظام تكاليف الأوامر الإنتاجية -نظام التكاليف -المراحل الإنتاجية -معالجة الوحدات التالفة في نظام المراحل الإنتاجية -تكاليف المنتجات المشتركة والمنتجات العرضية -نظام التاليف على أساس الانشطة A-B-C -الموازنات المرنة وانحرافاتها -التكاليف المعيارية -انحرافا
653 _aالمحاسبة التحليلية
653 _aالمحاسبة المالية
653 _aمحاسبة التكاليف
942 _cكتاب
999 _c44999
_d44999